Normal view
MARC view
- تأليف أبو صالح، محمد صبحي ، م.مشارك عدنان محمد عوض
Entry Personal Name
001 - CONTROL NUMBER
- control field: 57109
003 - CONTROL NUMBER IDENTIFIER
- control field: JO-AjAnu
005 - DATE AND TIME OF LATEST TRANSACTION
- control field: 20230606083344.0
008 - FIXED-LENGTH DATA ELEMENTS
- fixed length control field: 230606|| aca||aabn | a|a d
040 ## - CATALOGING SOURCE
- Original cataloging agency: JO-AjAnu
- Transcribing agency: JO-AjAnu
100 ## - HEADING--PERSONAL NAME
- Personal name: تأليف أبو صالح، محمد صبحي ، م.مشارك عدنان محمد عوض
670 ## - SOURCE DATA FOUND
- Source citation: Work cat.: (JO-AjAnu)29140: تأليف أبو صالح، محمد صبحي ، م.مشارك عدنان محمد عوض, author, مقدمة في الاحصاء=Introduction to Statistics